[Event "Biel ATO op 54th"]
[Site "Biel"]
[Date "2021.08.01"]
[Round "6"]
[White "Amado Blanco, Carlos"]
[Black "Musaelyan, Arshavir"]
[Result "1/2-1/2"]
[WhiteElo "1813"]
[BlackElo "1922"]
[PlyCount "126"]
[EventDate "2021.07.26"]
[EventType "swiss"]
[EventRounds "9"]
[EventCountry "SUI"]
[SourceTitle "EXT 2022"]
[Source "ChessBase"]
[SourceDate "2021.10.06"]
[SourceVersion "1"]
[SourceVersionDate "2021.10.06"]
[SourceQuality "1"]

1. e4 c5 2. Nf3 Nc6 3. d4 cxd4 4. Nxd4 Nf6 5. Nc3 e5 6. Ndb5 d6 7. Bg5 a6 8. Na3 b5 9. Nd5 Be7 10. Bxf6 Bxf6 11. c3 0-0 12. Nc2 Rb8 13. Nce3 Bg5 14. Be2 Be6 15. a4 bxa4 16. Qxa4 Ne7 17. b4 Bxd5 18. Nxd5 Nxd5 19. exd5 Qc7 20. Qc6 Rfc8 21. Qxc7 Rxc7 22. h4 Bf6 23. Rh3 e4 24. Ra3 Rbc8 25. Kd2 e3+ 26. Rxe3 Bxh4 27. g3 Bg5 28. f4 Bf6 29. Bxa6 Ra8 30. Bb7 Rb8 31. Bc6 g5 32. Kd3 gxf4 33. gxf4 h5 34. b5 h4 35. c4 Re7 36. Rxe7 Bxe7 37. Ke4 Kg7 38. Kf5 Bf6 39. Rb3 Bd4 40. Kg4 Rh8 41. Rh3 Kf6 42. Rb3 h3 43. Rxh3 Rxh3 44. Kxh3 Kf5 45. Kg3 Ke4 46. Bd7 Kd3 47. f5 Kxc4 48. Bc6 Kd3 49. Kf4 Be3+ 50. Kg4 Ke4 51. Be8 f6 52. Bf7 Kd3 53. Kf3 Bd4 54. Be8 Kc4 55. Bc6 Kc5 56. Kg4 Kb6 57. Kh5 Bc3 58. Kg6 Bb2 59. Kf7 Bc3 60. Ke6 Be5 61. Kd7 Bf4 62. Ke7 Be5 63. Be8 Kc7 1/2-1/2